| 000 | 00611nam a2200181 i 4500 | ||
|---|---|---|---|
| 001 | 83705 | ||
| 003 | ES-MaACL | ||
| 007 | t| | ||
| 008 | 041118s1929 sp ||||1| spa d | ||
| 100 | 1 |
_aJardiel Poncela, Enrique. _966113 |
|
| 245 | 1 | 0 |
_a¡Esperame en Siberia, vida mía! _b: novela de aventuras / _cpor Enrique Jardiel Poncela. |
| 260 |
_a[Segovia : _bEl Adelanto, _c1929] |
||
| 300 |
_a456 p. ; _c19 cm. |
||
| 490 | 1 | _aColección de grandes novelas humorísticas | |
| 830 | 0 | 0 |
_aColección de grandes novelas humorísticas (El Adelanto) _9231635 |
| 852 |
_aES-MaACL _jB-4065 |
||
| 999 |
_c83705 _d83705 |
||